00447pab a2200145 454500008004000000100001600040245008400056260000900140300001500149362000800164650003100172650002000203650002600223773005200249180718b2017 xxu||||| |||| 00| 0 eng d aRenou, Yvan aPerformance indicators and the new governmentality of water utilities in France c2017 ap.378-396. aJun aWater consumption - France aGood governance aPerformance appraisal aInternational Review of Administrative Sciences